Normal view
MARC view
- Indians of North America
Entry Topical Term
001 - CONTROL NUMBER
- control field: 94780
003 - CONTROL NUMBER IDENTIFIER
- control field: NUST
005 - DATE AND TIME OF LATEST TRANSACTION
- control field: 20220724174646.0
008 - FIXED-LENGTH DATA ELEMENTS
- fixed length control field: 220724|| aca||aabn | a|a d
040 ## - CATALOGING SOURCE
- Original cataloging agency: NUST
- Transcribing agency: NUST
150 ## - HEADING--TOPICAL TERM
- Topical term or geographic name entry element: Indians of North America
- Form subdivision: Encyclopedias, Juvenile
670 ## - SOURCE DATA FOUND
- Source citation: Work cat.: (NUST)0: Waldman, Carl, 1947- 94778, Encyclopedia of Native American tribes , c2006.
